000 01780cam a22004934i 4500
003 PE-LiUPU
005 20250731184550.0
008 150616s r 000 0 d
035 _a(Sirsi) a3332
040 _aPE-LiUPU
_bspa
_cPE-LiUPU
_erda
049 _aPRUA
082 0 4 _a980
_bB36
_221
100 1 _aBeals, Carleton,
_d1893-,
_eautor.
245 1 0 _aFuego Sobre Los Andes /
_cCarleton Beals ; traducido por Francisco Jara.
264 1 _aSantiago de Chile :
_bEmpresa Editora Zig-Zag,
_c1942.
300 _a524 páginas ;
_c23 cm.
336 _atext
_2rdacontent
337 _aunmediated
_2rdamedia
338 _avolume
_2rdacarrier
490 0 _aHistoria y documentos
500 _aEnsayo histórico, político, económico y social del Perú, hasta 1935.
504 _aIncluye bibliografía.
505 0 _aDivisión de la tierra Imperio del Sol Dios, Oro y gloria punto y contrapunto -- Hijos del Sol -- El pueblo -- Los nudos de la cuerda -- Lineas de batalla.
526 _aP136
526 _aP135
526 _aP134
526 _aP133
526 _aP144
526 _aP143
526 _aP87
526 _aP35
526 _aP20
526 _aP14
526 _aP10
526 _aP06
651 _aPerú
_vEnsayos, conferencias, etc.
_xVida y costumbres sociales.
910 _ajck
_bjvq
_cjck
942 _2ddc
_cBOOK
949 _a980 B36
_wDEWEY
_c1
_i06461
_lCCODEBUL1
_mBUL
_p00.00
_r0
_sY
_tBOOK
_u2015-04-23
_xEDUCACION
_PP20
_0COMPRA
_o.STAFF. Colección General
994 _aC0
_bPEPRU
596 _a1
999 _a980 B36
_wDEWEY
_c41054
_i06461
_d41054
_f2021-11-12
_g4
_lCCODEBUL1
_mBUL
_r0
_sY
_tBOOK
_u2015-4-23
_xTEOLOGIA
_PP20
_0COMPRA
_o.STAFF. Colección General
980 _81
_gALBERTO SANCHEZ Responsable de Automatización